1632 1952 1938 1597 1865 1506 1234 1886 1142 1999 1479 1399 1683 1631 1981 1511 1694 1697 1233 1599 1451 1194 1055 1604 1227 1253 1111 1097 1484 1657 1348 1077 1631 1674 1068 1962 1377 1205 1236 1631 1412 1169 1536 1316 1996 1485 1142 1387 1336 1637 1334 1924 1755 1144 1939 1455 1659 1873 1893 1215 1163 1232 1262 1078 1680 1002 1313 1726 1055 1060 1645 1344 1140 1498 1406 1920 1413 1875 1771 1273 1668 1465 1202 1050 1060 1251 1625 1008 1813 1798 1220 1788 1870 1308 1616 1091 1858 1265 1748 BCNSPRNW ULIB Ver.6.0+V

เปลี่ยนเป็นภาษาไทย

Change to English
 แสดงรายละเอียดบรรณานุกรม
  กลับหน้าหลัก

Brief Record : Get Marc (ISO 2709) : E-mail record : QR code < ปิดหน้าต่าง
LEADER : 00000nam 2200000uu 4500
001    13399113115
003     ULIB
008    110219s2548||||th 000 0 tha d
099    วจ.WM172^bว146 2548
100 0  วชิระบูลย์ อินสว่าง
245 00 ความเครียดของนักศึกษาพยาบาลวิทยาลัยพยาบาลบรมราชชนนี สุราษฎร์ธานี/^cวชิระบูลย์ อินสว่าง
260    สุราษฎร์ธานี:^bวิทยาลัยพยาบาลบรมราชชนนี สุราษฎร์ธานี,^c2548
300    75 หน้า
650  7 ความเครียด^xวิจัย
650  7 หลักสูตรพยาบาลศาสตร์^xวิจัย
710 2  วิทยาลัยพยาบาลบรมราชชนนี สุราษฎร์ธานี
945    ^p0^l0^i018213
945    ^p0^l0^i020417
995    ทศพร
999 ^a ใช้งานได้ทุกระบบ
รายการนี้ยังไม่มีแท็ก
คุณยังไม่ได้ล็อกอิน คุณสามารถมีกิจกรรมร่วมกับเว็บไซต์ได้ แต่ต้องล็อกอินก่อน ::
  ล็อกอิน

รายการสื่อสารสนเทศ

ลำดับที่ ประเภท เลขเรียก/บาร์โค้ด สถานที่ สถานะ
- ไม่พบข้อมูล -

BibComment


ยังไม่เคยถูกคอมเมนท์

คอมเมนท์ทรัพยากรรายการนี้
  คอมเมนท์: ความเครียดของนักศ..


 Copyright 2026. Bcnsprnw @Library